| 000 | 03303cam a22005654i 4500 | ||
|---|---|---|---|
| 003 | PE-LiUPU | ||
| 005 | 20250731165611.0 | ||
| 008 | 150706s r 000 0 d | ||
| 020 | _a9586706094 | ||
| 035 | _a(Sirsi) i9789586706094 | ||
| 040 |
_aPE-LiUPU _bspa _cPE-LiUPU _erda |
||
| 049 | _aPRUA | ||
| 082 | 0 | 4 |
_a025.171 _bR91 _221 |
| 100 | 1 |
_aRubio Hernández, Alfonso, _d1964- , _eautor. |
|
| 245 | 1 | 0 |
_aModelos para la elaboración de proyectos archivísticos : _bcuadernos de estudios archivísticos 2 / _cAlfonso Rubio Hernández. |
| 264 | 1 |
_aCali, Colombia : _bUniversidad del Valla, _c2007. |
|
| 300 |
_a267 páginas : _bilustraciones, tablas ; _c24 centímetros |
||
| 336 |
_atext _2rdacontent |
||
| 337 |
_aunmediated _2rdamedia |
||
| 338 |
_avolume _2rdacarrier |
||
| 490 | 0 |
_aCuadernos de estudios archivísticos ; _v2 |
|
| 504 | _aIncluye bibliografía. | ||
| 505 | 0 | _aLa gestión de proyectos -- ¿Qué es proyecto? Definición y características -- Tipo de proyectos -- Condiciones de gestión -- Estructura de un proyecto -- Nuestro modelo de proyectos -- Organización y descripción de fondos documentales -- Organización y descripción de los Fondos Documentales del Archivo Municipal de R.- Tratamiento Archivístico en el Fondo Documental de la Parroquia de Santo Tomás Apóstol de Haro (La Rioja, España) Organización y descripción -- - Investigación archivística -- El Patrimonio Documental de Logroño (La Rioja, España) y su archivo municipal: evolución histórica -- Documento de Archivo en la Antropología Identificación y valoración de series documentales -- Identificación y valoración de series documentales en el ayuntamiento de Logroño (La Rioja, España) -- Dinamización de archivos -- Una aventura por el archivo histórico de R. propuesta para la realización de talleres de archivo -- Exposición. Signos de Escribanos del archivo histórico de R.- Informatización de inventarios archivísticos -- Automatización y digitación de base de datos acces del inventario general. "Fondo concejo de R.: época colonial (1575 - 1819)" del archivo histórico de R -- Catalogación de fondos fotográficos -- Catalogación de la colección de incunables y libros antiguos de la Biblioteca del I.T. de R | |
| 526 | _aSEG44 | ||
| 526 | _aSEG26 | ||
| 526 | _aP151 | ||
| 526 | _aP150 | ||
| 526 | _aP149 | ||
| 526 | _aP146 | ||
| 526 | _aP145 | ||
| 526 | _aP126 | ||
| 526 | _aP125 | ||
| 526 | _aP92 | ||
| 526 | _aP75 | ||
| 526 | _aP74 | ||
| 526 | _aP27 | ||
| 526 | _aP15 | ||
| 541 | _g015-0012337; | ||
| 650 | 0 | 4 |
_aAdministración de archivos _zEspaña. |
| 650 | 0 | 4 |
_aArchivos municipales _zEspaña. |
| 650 | 0 | 4 |
_aArchivos _xInvestigación. |
| 650 | 0 | 4 | _aGestión documental. |
| 650 | 0 | 4 | _aOrganización de archivos. |
| 910 |
_agl _cng _d20110524 |
||
| 942 |
_2ddc _cBOOK |
||
| 949 |
_a025.171 R91 _wDEWEY _c1 _i62967 _lCCODEBUL1 _mBUL _p30.00 _r0 _sY _tBOOK _u2015-7-6 _xFCE _zAGB _0COMPRA _o.STAFF. Colección General |
||
| 994 |
_aC0 _bPEPRU |
||
| 596 | _a1 | ||
| 999 |
_a025.171 R91 _wDEWEY _c51986 _i62967 _f2021-11-4 _g6 _lCCODEBUL1 _mBUL _p30.00 _r0 _sY _tBOOK _u2015-7-6 _xBIBLIOTECA _zAGB _0COMPRA _o.STAFF. Colección General _d51986 |
||
| 980 |
_81 _gALBERTO SANCHEZ Responsable de Automatización |
||